000 00213nam a2200109Ia 4500
100 _aSADLER/JULIE.
942 _cBK
245 _aFAMILY MATTERS AROMATHEORPY.
260 _b#N/A
546 _aENGLISH
999 _c26794
_d26794